000 00490nam a2200181Ia 4500
008 090123s9999 xx 000 0 und d
082 _b23229
_a891.463/राजे
100 _aराजे शैलजा
245 _aबंधन
250 _a0
260 _bअमोल प्रकाशन
_c1994
300 _a160
600 _aराजे शैलजा
630 _aबंधन
700 _aराजे शैलजा
730 _aबंधन
942 _cBOOK
999 _c61301
_d61301